| 000 | 00666nab a2200217 a 4500 | ||
|---|---|---|---|
| 005 | 20210219161908.0 | ||
| 008 | 991125s1985 mx 000 0 spa u | ||
| 035 | _aUPN01000193991 | ||
| 100 | 1 | _aGonzález Merino, Arcelia | |
| 222 | 0 | _aARGUMENTOS : ESTUDIOS CRITICOS DE LA SOCIEDAD | |
| 245 | 0 | 0 | _aBiocombustibles, biotecnología y alimentos : impactos sociales para México |
| 260 | _aMéxico | ||
| 300 | _a55-83 | ||
| 362 | 0 | _a2008 Año 21, número 57, mayo-agosto | |
| 653 | 0 | _aBIOTECNOLOGIA | |
| 653 | 0 | _aALIMENTOS | |
| 653 | 0 | _aBIOCOMBUSTIBLES | |
| 653 | 0 | _aMERCADO AGRICOLA | |
| 700 | 1 |
_aCastañeda Zavala, Yolanda, _ecoautor |
|
| 905 | _aArticulo | ||
| 999 |
_c166092 _d166092 |
||